| 000 | 00516nam a22001577a 4500 | ||
|---|---|---|---|
| 005 | 20251128101134.0 | ||
| 008 | 251128b |||||||| |||| 00| 0 eng d | ||
| 020 | _a9780138149802 | ||
| 050 |
_aTA545 _b.K37 |
||
| 100 | _aKavanagh, Barry F. | ||
| 245 |
_aSurveying _bprinciples & applications _cBarry F. Kavanagh |
||
| 250 |
_a8th ed. _bPearson international edition |
||
| 260 |
_aUpper Saddle River, New Jersey _bPearson Prentice Hall _c2009 |
||
| 300 |
_axv. 791p. _bill. some color _c23cm |
||
| 942 |
_2lcc _cBK _e8th ed. _n0 |
||
| 999 |
_c8394 _d8394 |
||